Guess the Kpop Group (Hard Edition) - Statistics

General Stats
  • This quiz has been taken 158 times
  • The average score is 5 of 15
Answer Stats
Hint Answer % Correct
Which Kpop Group has the most Followers on IG BTS
97%
Writting their songs themselves since their debut in 2006 Bigbang
79%
Kpop Group with the biggest japanese Fandom as of june 2023 (19,5%) Twice
62%
The first Girlgroup to have a World Tour 2ne1
55%
Group with the most active Members NCT
53%
The first Kpop Group to Put Pcs in their Albums Girls´ Generation
50%
King of Kpop G-Dragon
30%
Different Entetainments, 7 members , one group Got7
29%
Oldest Active Kpop Group Shinhwa
24%
Kpop group with the most Songs as of 31.08.23 TVXQ
22%
First Kpop Group to perform at Coachella Epik High
11%
Most selling Kpop Album of all time FML (Seventeen)
0%
The Kpop Group with the Youngest Members as of june 2023 Hi Cutie
0%
Most expensive Kpop PC as of 31.08.23 Jungkook Butterfly Night
0%
First Kpop group to perform in North Korea (1999) K.L
0%
No matching quizzes found
Score Distribution
Percent of People with Each Score
Percentile by Number Answered
Your Score History
You have not taken this quiz